<?xml version="1.0" encoding="UTF-8"?>
<record
    xmlns:xsi="http://www.w3.org/2001/XMLSchema-instance"
    xsi:schemaLocation="http://www.loc.gov/MARC21/slim http://www.loc.gov/standards/marcxml/schema/MARC21slim.xsd"
    xmlns="http://www.loc.gov/MARC21/slim">

  <leader>02138cam a22003374a 4500</leader>
  <controlfield tag="001">13847182</controlfield>
  <controlfield tag="003">OSt</controlfield>
  <controlfield tag="005">20210414114045.0</controlfield>
  <controlfield tag="008">050121s2006    mauab    b    001 0 eng  </controlfield>
  <datafield tag="010" ind1=" " ind2=" ">
    <subfield code="a">  2005001785</subfield>
  </datafield>
  <datafield tag="020" ind1=" " ind2=" ">
    <subfield code="a">0072528400 (hard copy : alk. paper)</subfield>
  </datafield>
  <datafield tag="040" ind1=" " ind2=" ">
    <subfield code="a">DLC</subfield>
    <subfield code="c">DLC</subfield>
    <subfield code="d">DLC</subfield>
  </datafield>
  <datafield tag="042" ind1=" " ind2=" ">
    <subfield code="a">pcc</subfield>
  </datafield>
  <datafield tag="050" ind1="0" ind2="0">
    <subfield code="a">QK47.S836 </subfield>
    <subfield code="b"> </subfield>
  </datafield>
  <datafield tag="082" ind1="0" ind2="0">
    <subfield code="a">580</subfield>
    <subfield code="2">22</subfield>
  </datafield>
  <datafield tag="100" ind1="1" ind2=" ">
    <subfield code="a">Stern, Kingsley Rowland.</subfield>
  </datafield>
  <datafield tag="245" ind1="1" ind2="0">
    <subfield code="a">Introductory plant biology. /</subfield>
    <subfield code="c">Kingsley R. Stern ; with contributions by James E. Bidlack, Shelley H. Jansky, Gordon E. Uno.</subfield>
  </datafield>
  <datafield tag="250" ind1=" " ind2=" ">
    <subfield code="a">10th ed.</subfield>
  </datafield>
  <datafield tag="260" ind1=" " ind2=" ">
    <subfield code="a">Boston :</subfield>
    <subfield code="b">McGraw-Hill Higher Education,</subfield>
    <subfield code="c">c2006.</subfield>
  </datafield>
  <datafield tag="300" ind1=" " ind2=" ">
    <subfield code="a">xvi, 624 p. :</subfield>
    <subfield code="b">ill. (chiefly col.), maps (some col.) ;</subfield>
    <subfield code="c">29 cm.</subfield>
  </datafield>
  <datafield tag="504" ind1=" " ind2=" ">
    <subfield code="a">Includes bibliographical references and index.</subfield>
  </datafield>
  <datafield tag="505" ind1=" " ind2=" ">
    <subfield code="a">Contents: What is plant biology? -- The Nature of life -- Cells -- Tissues -- Roots and soils -- Stems -- Leaves -- Flowers, fruits and seeds -- Water in plants -- Plant metabolism -- Growth -- Meiosis and alternation of generations -- Genetics -- Plant breeding and propagation -- Evolution -- Plant names and classification -- Domain (kingdom) bacteria, domain (kingdom) archaea and viruses -- Kingdom protista -- Kingdom fungi -- Introduction to the plant kingdom: bryophytes -- The Seedless vascular plants: ferns and their relatives -- Introduction to seed plants: gymnosperms -- Seed plants: angiosperms -- Flowering plants and civilization -- Ecology -- Biomes -- Appendix 1: Scientific names of organisms mentioned in the text -- 2: Biological controls -- 3: Useful and poisonous plants, fungi and algae -- 4: House plants and home gardening -- 5: Metric equivalents and conversion tables -- Glossary.</subfield>
  </datafield>
  <datafield tag="650" ind1=" " ind2="0">
    <subfield code="a">Botany.</subfield>
  </datafield>
  <datafield tag="700" ind1="1" ind2=" ">
    <subfield code="a">Bidlack, James E.</subfield>
  </datafield>
  <datafield tag="700" ind1="1" ind2=" ">
    <subfield code="a">Jansky, Shelley.</subfield>
  </datafield>
  <datafield tag="700" ind1="1" ind2=" ">
    <subfield code="a">Uno, Gordon.</subfield>
  </datafield>
  <datafield tag="856" ind1="4" ind2="1">
    <subfield code="3">Table of contents</subfield>
    <subfield code="u">http://www.loc.gov/catdir/toc/ecip057/2005001785.html</subfield>
  </datafield>
  <datafield tag="906" ind1=" " ind2=" ">
    <subfield code="a">7</subfield>
    <subfield code="b">cbc</subfield>
    <subfield code="c">orignew</subfield>
    <subfield code="d">1</subfield>
    <subfield code="e">ecip</subfield>
    <subfield code="f">20</subfield>
    <subfield code="g">y-gencatlg</subfield>
  </datafield>
  <datafield tag="942" ind1=" " ind2=" ">
    <subfield code="2">lcc</subfield>
    <subfield code="c">BK</subfield>
  </datafield>
  <datafield tag="999" ind1=" " ind2=" ">
    <subfield code="c">1704</subfield>
    <subfield code="d">9204</subfield>
  </datafield>
  <datafield tag="952" ind1=" " ind2=" ">
    <subfield code="0">0</subfield>
    <subfield code="1">0</subfield>
    <subfield code="2">lcc</subfield>
    <subfield code="4">0</subfield>
    <subfield code="7">0</subfield>
    <subfield code="a">WIUC-1</subfield>
    <subfield code="b">WIUC-1</subfield>
    <subfield code="c">GEN</subfield>
    <subfield code="d">2012-07-17</subfield>
    <subfield code="l">0</subfield>
    <subfield code="o">QK47.S836</subfield>
    <subfield code="p">5505/12</subfield>
    <subfield code="r">2012-07-17 00:00:00</subfield>
    <subfield code="t">1</subfield>
    <subfield code="w">2012-07-17</subfield>
    <subfield code="y">BK</subfield>
  </datafield>
  <datafield tag="952" ind1=" " ind2=" ">
    <subfield code="0">0</subfield>
    <subfield code="1">0</subfield>
    <subfield code="2">lcc</subfield>
    <subfield code="4">0</subfield>
    <subfield code="7">0</subfield>
    <subfield code="a">WIUC-1</subfield>
    <subfield code="b">WIUC-1</subfield>
    <subfield code="c">GEN</subfield>
    <subfield code="d">2012-07-17</subfield>
    <subfield code="l">0</subfield>
    <subfield code="o">QK47.S8361</subfield>
    <subfield code="p">5506/12</subfield>
    <subfield code="r">2012-07-17 00:00:00</subfield>
    <subfield code="t">2</subfield>
    <subfield code="w">2012-07-17</subfield>
    <subfield code="y">BK</subfield>
  </datafield>
</record>
